NBA 60 Points in a Game - Statistics

General Stats
  • This quiz has been taken 13 times
  • The average score is 24 of 40
Answer Stats
Answer % Correct
Michael Jordan
100%
Wilt Chamberlain
100%
Damian Lillard
90%
James Harden
90%
Jerry West
90%
Kobe Bryant
90%
LeBron James
90%
Luka Doncic
90%
Stephen Curry
90%
Bam Adebayo
80%
Giannis Antetokounmpo
80%
Joel Embiid
80%
David Thompson
70%
Devin Booker
70%
Elgin Baylor
70%
Jayson Tatum
70%
Klay Thompson
70%
Larry Bird
70%
Nikola Jokic
70%
Shaquille O'Neal
70%
Donovan Mitchell
60%
Karl Malone
60%
Allen Iverson
50%
Carmelo Anthony
50%
David Robinson
50%
George Mikan
50%
Kyrie Irving
50%
Bernard King
40%
Jalen Brunson
40%
Pete Maravich
40%
Tracy McGrady
40%
George Gervin
30%
Karl-Anthony Towns
30%
Rick Barry
30%
Bradley Beal
20%
De'Aaron Fox
20%
Gilbert Arenas
20%
Joe Fulks
20%
Tom Chambers
20%
Kemba Walker
0%
No matching quizzes found
Score Distribution
Percent of People with Each Score
Percentile by Number Answered
Your Score History
You have not taken this quiz